| 000 | 00671nam a22002057a 4500 | ||
|---|---|---|---|
| 003 | OSt | ||
| 005 | 20251106050249.0 | ||
| 008 | 251106b |||||||| |||| 00| 0 eng d | ||
| 020 | _a0-07-236331-2 | ||
| 040 |
_aDWCL-Main lib _cOC |
||
| 082 | _aCirc. 808.02 Si587 2001 | ||
| 100 | _a Silverman, J. | ||
| 245 |
_aRules of thumb for research _cSilverman, Jay |
||
| 260 |
_aNew York : _bMcGraw-Hill Companies, inc., _c c2001 |
||
| 300 |
_ax, 228 pages : _c23 cm. |
||
| 504 | _aIncludes index | ||
| 700 | _aHughes, Elaine | ||
| 700 | _aWienbroer, Diana Roberts | ||
| 942 |
_2ddc _cBK-CIRC _e1st edition _hCirc. 808.02 Si587 2001 _kCirc. _n0 |
||
| 999 |
_c5565 _d5565 |
||